000 00232nam a2200097Ia 4500
008 230907s9999||||xx |||||||||||||| ||und||
082 _a696.1
_bGAR
245 0 _aHot and cold water supply /
260 _aBSI;
_bUK:
_c2008
942 _cBK
999 _c596405
_d596405